书目信息 |
| 题名: |
爱默生文集
|
|
| 作者: | 爱默生 著 ;孔令翠 , 蒋橹 译 | |
| 分册: | ||
| 出版信息: | 北京 北京理工大学出版社 2014 |
|
| 页数: | 441页 | |
| 开本: | 24cm | |
| 丛书名: | 哈佛百年经典 | |
| 单 册: | ||
| 中图分类: | I712.64 , K956.1 | |
| 科图分类: | ||
| 主题词: | 随笔--作品集--美国--近代 | |
| 电子资源: | ||
| ISBN: | 978-7-5640-8872-9 | |
| 000 | 01044nam0 2200301 450 | |
| 001 | 339355 | |
| 005 | 20150608145606.54 | |
| 010 | @a978-7-5640-8872-9@dCNY48.00 | |
| 100 | @a20140625d2014 em y0chiy50 ea | |
| 101 | 1 | @achi@ceng |
| 102 | @aCN@b110000 | |
| 105 | @ay z 000cy | |
| 106 | @ar | |
| 200 | 1 | @a爱默生文集@Aai mo sheng wen ji@f(美) 拉尔夫·瓦尔多·爱默生著@g孔令翠,蒋橹译 |
| 210 | @a北京@c北京理工大学出版社@d2014 | |
| 215 | @a441页@d24cm | |
| 225 | 1 | @a哈佛百年经典@v26@f(美)查尔斯·艾略特主编 |
| 330 | @a本书收录了作者最具代表性的作品, 包括美国学者、神学院演讲、补偿、友谊、第一次访问英国、英国的国土、英国人的性格、英国的文学、英国的民众等内容。 | |
| 410 | 0 | @12001 @a哈佛百年经典 |
| 606 | 0 | @a随笔@x作品集@y美国@z近代 |
| 607 | @a英国@x概况 | |
| 690 | @aI712.64@v5 | |
| 690 | @aK956.1@v5 | |
| 701 | 0 | @c(美)@a爱默生@Aai mo sheng@c(Emerson, Ralph Waldo@f1803 1882)@4著 |
| 702 | 0 | @a孔令翠@Akong ling cui@4译 |
| 702 | 0 | @a蒋橹@Ajiang lu@4译 |
| 801 | 0 | @aCN@b卓展宏图@c20150525 |
| 905 | @dI712.64@e679@f4 | |
| 爱默生文集/(美) 拉尔夫·瓦尔多·爱默生著/孔令翠,蒋橹译.-北京:北京理工大学出版社,2014 |
| 441页;24cm.-(哈佛百年经典;26/(美)查尔斯·艾略特主编) |
| ISBN 978-7-5640-8872-9:CNY48.00 |
| 本书收录了作者最具代表性的作品, 包括美国学者、神学院演讲、补偿、友谊、第一次访问英国、英国的国土、英国人的性格、英国的文学、英国的民众等内容。 |
| ● |
| 相关链接 |
|
|
|
|
正题名:爱默生文集
索取号:I712.64/679
 
预约/预借
| 序号 | 登录号 | 条形码 | 馆藏地/架位号 | 状态 | 备注 |
| 1 | 857877 | 208578779 | 第一样本阅览室/ [索取号:I712.64/679] | 在馆 | |
| 2 | 857878 | 208578788 | 教育系资料室/ [索取号:I712.64/679] | 在馆 | |
| 3 | 857879 | 208578797 | 第二借阅区/ [索取号:I712.64/679] | 在馆 | |
| 4 | 857880 | 208578804 | 第二借阅区/ [索取号:I712.64/679] | 在馆 |